[Event "Senioren 2018"]
[Site "Bad Woerishofen"]
[Date "2018.02.27"]
[Round "5"]
[White "Gerl, Hans"]
[Black "Mueller, Rudolf"]
[Result "1/2-1/2"]
[WhiteElo "2012"]
[BlackElo "2071"]
[PlyCount "135"]
[EventDate "2018.??.??"]
[WhiteTeam "SK Zirndorf"]
[BlackTeam "Karlsruher SF"]

1. d4 b6 2. c4 e6 3. a3 f5 4. Nc3 Nf6 5. Nf3 Bb7 6. e3 Ne4 7. Qc2 c5 8. Be2 Be7
9. O-O O-O 10. Rd1 Bf6 11. Nd2 Nxc3 12. bxc3 d6 13. Bf3 Bxf3 14. Nxf3 Nd7 15.
e4 fxe4 16. Qxe4 Qe7 17. Re1 Rfe8 18. Bf4 Rac8 19. Rac1 Nf8 20. h3 Qd7 21. g4
d5 22. Qe2 dxc4 23. g5 Be7 24. Ne5 Qd8 25. h4 cxd4 26. cxd4 Qxd4 27. Rxc4 Rxc4
28. Qxc4 Qxc4 29. Nxc4 Rc8 30. Re4 b5 31. Nd6 Bxd6 32. Bxd6 Rc4 33. Rxc4 bxc4
34. Kf1 Nd7 35. Ke2 Kf7 36. h5 e5 37. Kd2 Ke6 38. Bc7 Kd5 39. f4 exf4 40. Bxf4
Ke4 41. Bd6 Kf5 42. Be7 Ke6 43. Bd8 Ne5 44. Kc3 Nf7 45. Bc7 Nxg5 46. Kxc4 Ne4
47. Kb5 Nf6 48. h6 Nd5 49. Bb8 g5 50. Bxa7 g4 51. a4 Kd7 52. a5 Kc7 53. Bd4 Ne7
54. Be5+ Kb7 55. a6+ Ka8 56. Kc4 Nf5 57. Bf4 g3 58. Kd3 g2 59. Bh2 Nxh6 60. Ke2
Ka7 61. Kf3 Kxa6 62. Kxg2 Kb6 63. Kf3 Kc6 64. Kf4 Kd7 65. Kg5 Ng8 66. Be5 Ke6
67. Bc3 Kf7 68. Bd4 1/2-1/2

[Event "Senioren 2018"]
[Site "Bad Woerishofen"]
[Date "2018.02.27"]
[Round "5"]
[White "Goldinger, Josef"]
[Black "Giacchino, Claudio"]
[Result "0-1"]
[WhiteElo "1795"]
[BlackElo "1650"]
[PlyCount "70"]
[EventDate "2018.??.??"]
[WhiteTeam "SV Rottweil"]

1. e4 e5 2. Nf3 Nc6 3. d4 exd4 4. Nxd4 Nxd4 5. Qxd4 d6 6. Bc4 Qf6 7. Qd3 Be6 8.
Nc3 c6 9. O-O Bxc4 10. Qxc4 Qe6 11. Qd3 Be7 12. Ne2 Nf6 13. f3 O-O 14. Nd4 Qd7
15. Nf5 Rfe8 16. Bg5 Rad8 17. Rad1 Qe6 18. Qa3 a6 19. Bf4 c5 20. Qa5 Bf8 21. b3
Rd7 22. Rd3 g6 23. Ne3 Nh5 24. Nd5 Nxf4 25. Nxf4 Qe5 26. Nd5 Bg7 27. Re1 g5 28.
g3 f5 29. f4 gxf4 30. gxf4 Qb2 31. exf5 Bd4+ 32. Kf1 Rf8 33. Ne3 Rg7 34. c3
Qxh2 35. cxd4 Rg1# 0-1

[Event "Senioren 2018"]
[Site "Bad Woerishofen"]
[Date "2018.02.27"]
[Round "5"]
[White "Goris, Ton"]
[Black "Beck, Andreas"]
[Result "1-0"]
[WhiteElo "1939"]
[BlackElo "1802"]
[PlyCount "87"]
[EventDate "2018.??.??"]
[BlackTeam "TSV Malschenberg"]

1. e4 g6 2. d4 Bg7 3. Nc3 c5 4. Be3 Qa5 5. Qd2 Nf6 6. dxc5 Nc6 7. Nb5 Qxd2+ 8.
Bxd2 Nxe4 9. Nc7+ Kd8 10. Nxa8 Nxd2 11. Kxd2 Bd4 12. c3 Bxc5 13. b4 Bxf2 14.
Nh3 Bh4 15. b5 Ne5 16. b6 a6 17. Rb1 e6 18. Nc7 Be7 19. Nxa6 d5 20. a4 Bd6 21.
Nb4 Ke7 22. a5 Nc4+ 23. Bxc4 dxc4 24. a6 bxa6 25. Nc6+ Kd7 26. b7 Bxb7 27.
Rxb7+ Kxc6 28. Rxf7 h6 29. Ra1 Ra8 30. Nf4 g5 31. Nxe6 Bxh2 32. Nd4+ Kd5 33.
Rf5+ Kd6 34. Rxa6+ Rxa6 35. Rf6+ Kd5 36. Rxa6 Bf4+ 37. Ke2 h5 38. Rh6 h4 39.
Rh5 Ke4 40. Nf3 Kf5 41. Rh7 Kg4 42. Rg7 Kf5 43. Rg8 Ke4 44. Nxg5+ 1-0

[Event "Senioren 2018"]
[Site "Bad Woerishofen"]
[Date "2018.02.27"]
[Round "5"]
[White "Grandl, Klaus"]
[Black "Kelemen, Norbert"]
[Result "0-1"]
[WhiteElo "1588"]
[BlackElo "1661"]
[PlyCount "56"]
[EventDate "2018.??.??"]
[WhiteTeam "Sportfr.Windach"]
[BlackTeam "SC Weiße Dame Ulm"]

1. e4 c5 2. Nc3 Nc6 3. Bc4 Nf6 4. Nf3 e6 5. a3 Be7 6. O-O O-O 7. d4 cxd4 8.
Nxd4 a6 9. b4 b5 10. Bb3 Qc7 11. f4 d6 12. Kh1 Bb7 13. Bxe6 Nxd4 14. Bd5 Qxc3
15. Bd2 Qc7 16. Bxb7 Qxb7 17. e5 dxe5 18. fxe5 Nd7 19. Bc3 Ne6 20. Qg4 Qc6 21.
Bd2 Nxe5 22. Qh5 Ng6 23. Rf3 Qe4 24. Raf1 Qh4 25. Qd5 Rad8 26. Qb7 Rxd2 27.
Rxf7 Rxf7 28. Qc8+ Nef8 0-1

[Event "Senioren 2018"]
[Site "Bad Woerishofen"]
[Date "2018.02.27"]
[Round "5"]
[White "Gulinelli, Euro"]
[Black "Klett, Thomas"]
[Result "1/2-1/2"]
[WhiteElo "1532"]
[BlackElo "1870"]
[PlyCount "49"]
[EventDate "2018.??.??"]
[BlackTeam "SV Urach"]

1. e4 Nf6 2. e5 Nd5 3. d4 d6 4. Nf3 Bg4 5. Be2 e6 6. O-O Nc6 7. c3 Bxf3 8. Bxf3
dxe5 9. Re1 exd4 10. c4 Nb6 11. b3 Be7 12. Bb2 Bf6 13. Nd2 Qd7 14. Ne4 O-O-O
15. a4 a5 16. Nc5 Qd6 17. Ba3 Qf4 18. Nd3 Qg5 19. Bc1 Qh4 20. g3 Qh3 21. Bg2
Qf5 22. Be4 Qh3 23. Bg2 Qf5 24. Be4 Qh3 25. Bg2 1/2-1/2

[Event "Senioren 2018"]
[Site "Bad Woerishofen"]
[Date "2018.02.27"]
[Round "5"]
[White "Gundersen, Helge"]
[Black "Aigner, Georg"]
[Result "1-0"]
[WhiteElo "2106"]
[BlackElo "1841"]
[PlyCount "97"]
[EventDate "2018.??.??"]
[BlackTeam "SC Taufkirchen"]

1. b3 e5 2. Bb2 Nc6 3. e3 d5 4. Bb5 Bd6 5. f4 Qh4+ 6. g3 Qe7 7. Nf3 Bg4 8. h3
Bxf3 9. Qxf3 Nf6 10. fxe5 Bxe5 11. Bxe5 Qxe5 12. Nc3 Ne4 13. d4 Qxg3+ 14. Qxg3
Nxg3 15. Rg1 Nf5 16. Nxd5 O-O-O 17. Bxc6 bxc6 18. Nb4 Kb7 19. Kf2 Rhe8 20. Rae1
g6 21. Nd3 Nd6 22. Nc5+ Kc8 23. Rg5 Ne4+ 24. Nxe4 Rxe4 25. Rg4 f5 26. Rxe4 fxe4
27. Kg2 Rf8 28. Rf1 Rxf1 29. Kxf1 Kd7 30. Kg2 Ke6 31. Kg3 Kf5 32. c4 g5 33. h4
Kg6 34. b4 Kh5 35. hxg5 Kxg5 36. a4 h6 37. Kh3 Kh5 38. a5 Kg5 39. Kg3 Kf5 40.
Kh4 Kg6 41. Kg4 h5+ 42. Kf4 Kf6 43. Kxe4 Kg5 44. Kf3 h4 45. e4 h3 46. Kg3 h2
47. Kxh2 Kf4 48. e5 Kf5 49. Kg3 1-0

[Event "Senioren 2018"]
[Site "Bad Woerishofen"]
[Date "2018.02.27"]
[Round "5"]
[White "Halli, Gerhard"]
[Black "Spurga, Josef"]
[Result "1/2-1/2"]
[WhiteElo "1898"]
[BlackElo "1942"]
[PlyCount "56"]
[EventDate "2018.??.??"]
[WhiteTeam "SK Sandhausen"]
[BlackTeam "VfL Sindelfingen"]

1. d4 d5 2. Bf4 Nf6 3. e3 e6 4. Bd3 Bd6 5. Bg3 O-O 6. Nf3 c5 7. c3 Nc6 8. Nbd2
b6 9. Ne5 Bb7 10. O-O Ne7 11. f4 Ne4 12. Be1 f6 13. Ng4 Qe8 14. Qf3 Qg6 15. Nf2
f5 16. Qh3 Rf6 17. Nf3 Qf7 18. Ne5 Bxe5 19. fxe5 Rh6 20. Qf3 Rf8 21. Nh3 Ng6
22. Rd1 Qe7 23. Bg3 Nxg3 24. Qxg3 cxd4 25. exd4 Rh4 26. Nf4 Rg4 27. Nxg6 Rxg6
28. Qf3 Qh4 1/2-1/2

[Event "Senioren 2018"]
[Site "Bad Woerishofen"]
[Date "2018.02.27"]
[Round "5"]
[White "Heppell, Ian N"]
[Black "Trefzer, Erhard"]
[Result "1/2-1/2"]
[WhiteElo "2035"]
[BlackElo "1910"]
[PlyCount "36"]
[EventDate "2018.??.??"]
[BlackTeam "SV Besigheim"]

1. e4 e5 2. Nf3 Nc6 3. d4 exd4 4. c3 dxc3 5. Bc4 d6 6. Nxc3 Nf6 7. Qb3 Qd7 8.
Ng5 Ne5 9. Be2 h6 10. f4 hxg5 11. fxe5 dxe5 12. Bxg5 c6 13. Bxf6 gxf6 14. O-O
Qe7 15. Rad1 Be6 16. Qc2 Qc5+ 17. Kh1 Be7 18. a3 Rd8 1/2-1/2

[Event "Senioren 2018"]
[Site "Bad Woerishofen"]
[Date "2018.02.27"]
[Round "5"]
[White "Hertkorn, Dieter"]
[Black "Narr, Irmgard"]
[Result "1-0"]
[WhiteElo "1547"]
[BlackElo "1679"]
[PlyCount "125"]
[EventDate "2018.??.??"]
[BlackTeam "SC Mühlhof-Reichelsdorf"]

1. e4 e6 2. d4 d5 3. exd5 exd5 4. Nf3 Nf6 5. Bd3 Be7 6. O-O O-O 7. Re1 Bg4 8.
h3 Bh5 9. Be3 c6 10. Nbd2 Nbd7 11. a3 Re8 12. c4 dxc4 13. Bxc4 Nb6 14. Bb3 Bd6
15. Rc1 Bc7 16. Rc3 Bg6 17. Bc2 Bxc2 18. Qxc2 Nbd5 19. Rd3 h6 20. g3 Qd7 21.
Kg2 Re7 22. Rb3 b5 23. Nh2 Rae8 24. Nhf1 Nh7 25. Nf3 a5 26. Rd3 b4 27. Rdd1 Bd6
28. Ra1 Re6 29. Qd2 Bc7 30. Rec1 Nxe3+ 31. Nxe3 bxa3 32. bxa3 Nf6 33. Qd1 Qd6
34. Nf5 Qd5 35. Rc5 Qd7 36. Ne3 Ne4 37. Rac1 Nxg3 38. d5 Rg6 39. Rxc6 Ne4+ 40.
Rxg6 fxg6 41. Ng4 Bf4 42. Rc6 Kh7 43. Ng1 h5 44. Ne3 Rf8 45. Qd3 Qe8 46. Re6
Qf7 47. Qxe4 Bb8 48. Nf3 Kh6 49. Nc4 Kh7 50. Nxa5 Qf5 51. Qxf5 gxf5 52. Ng5+
Kg8 53. Nc6 Bf4 54. Ne7+ Kh8 55. Ng6+ Kg8 56. Nxf8 Kxf8 57. h4 Bd2 58. Kf3 Bc1
59. a4 Bd2 60. Ke2 Bb4 61. Kd3 Bc5 62. d6 Bxf2 63. d7 1-0

[Event "Senioren 2018"]
[Site "Bad Woerishofen"]
[Date "2018.02.27"]
[Round "5"]
[White "Kierzek, Mira"]
[Black "Loew, Peter"]
[Result "1-0"]
[WhiteElo "1977"]
[BlackElo "2117"]
[PlyCount "73"]
[EventDate "2018.??.??"]
[WhiteTeam "SC Fulda"]
[BlackTeam "SC Waldkraiburg"]

1. d4 g6 2. Nf3 Bg7 3. g3 d6 4. Bg2 Nf6 5. O-O O-O 6. c4 Nc6 7. Nc3 Bg4 8. d5
Bxf3 9. exf3 Na5 10. Qd3 c5 11. Rb1 Nd7 12. f4 a6 13. b3 Qc7 14. Bb2 f5 15.
Rfe1 Rae8 16. Re2 b6 17. Rbe1 Nf6 18. h3 Nb7 19. Nb1 Qd7 20. Nd2 Nh5 21. Bxg7
Kxg7 22. Nf3 h6 23. Qc3+ Kh7 24. Nh4 Nd8 25. Bf3 Nf6 26. Qd3 Rg8 27. Bg2 Rg7
28. Kh2 Nh5 29. Re3 Nf6 30. Bf3 Rf8 31. Kh1 Ng8 32. g4 Kh8 33. gxf5 gxf5 34.
Bh5 Rf6 35. Rg3 Rxg3 36. Qxg3 b5 37. Rg1 1-0

[Event "Senioren 2018"]
[Site "Bad Woerishofen"]
[Date "2018.02.27"]
[Round "5"]
[White "Kirchner, Ulrich"]
[Black "Braeu, Ludwig"]
[Result "1/2-1/2"]
[WhiteElo "1643"]
[BlackElo "1835"]
[PlyCount "52"]
[EventDate "2018.??.??"]
[WhiteTeam "SF Blaustein"]
[BlackTeam "SK Marktoberdorf"]

1. d4 Nf6 2. Nf3 g6 3. Bf4 Bg7 4. Nbd2 c5 5. c3 cxd4 6. cxd4 d5 7. e3 O-O 8. h3
Nc6 9. Bd3 Qb6 10. Qb3 Qxb3 11. Nxb3 Nb4 12. Bb1 Bd7 13. a3 Na6 14. Bd3 Rac8
15. O-O Nb8 16. Rac1 Bc6 17. Ne5 Nfd7 18. Nxc6 Nxc6 19. Bb5 e5 20. Bxc6 bxc6
21. dxe5 Nxe5 22. Bxe5 Bxe5 23. Rc2 Rc7 24. Rfc1 Rfc8 25. Nc5 Kf8 26. Nd3 Bd6
1/2-1/2

[Event "Senioren 2018"]
[Site "Bad Woerishofen"]
[Date "2018.02.27"]
[Round "5"]
[White "Klein, Klaus"]
[Black "Teubner, Wolfgang"]
[Result "0-1"]
[WhiteElo "1988"]
[BlackElo "1791"]
[PlyCount "94"]
[EventDate "2018.??.??"]
[WhiteTeam "SF Heidelberg"]
[BlackTeam "SF Blaustein"]

1. e4 c5 2. Nf3 d6 3. d4 cxd4 4. Qxd4 Nc6 5. Bb5 Bd7 6. Bxc6 Bxc6 7. Nc3 e6 8.
Bg5 f6 9. Bh4 e5 10. Qd3 Ne7 11. O-O-O Ng6 12. Bg3 Qa5 13. Kb1 Be7 14. Nd2 Rd8
15. Nc4 Qc7 16. Nd5 Qd7 17. Nce3 Kf7 18. Nf5 Rhe8 19. Ndxe7 Nxe7 20. Nxd6+ Qxd6
21. Qxd6 Rxd6 22. Rxd6 Bxe4 23. f3 Bc6 24. Bf2 Nf5 25. Rd2 b6 26. Re1 h5 27. h4
g5 28. hxg5 fxg5 29. Be3 Kf6 30. g4 hxg4 31. fxg4 Nxe3 32. Rxe3 e4 33. Rf2+ Ke5
34. c3 Bd7 35. Rg3 Rh8 36. Kc2 Rh4 37. Rfg2 Kf4 38. Kd2 Rxg4 39. Rxg4+ Bxg4 40.
Ke1 e3 41. c4 Bf3 42. Rh2 g4 43. Rh7 g3 44. Rf7+ Kg4 45. Rg7+ Kh4 46. Rxa7 g2
47. Rh7+ Kg3 0-1

[Event "Senioren 2018"]
[Site "Bad Woerishofen"]
[Date "2018.02.27"]
[Round "5"]
[White "Knischka, Walter"]
[Black "Singeisen, Hermann"]
[Result "1/2-1/2"]
[WhiteElo "1807"]
[BlackElo "1972"]
[PlyCount "55"]
[EventDate "2018.??.??"]
[WhiteTeam "SK Obergünzburg"]

1. d4 Nf6 2. Bf4 d5 3. e3 c6 4. c3 g6 5. Nf3 Nbd7 6. h3 Bg7 7. Nbd2 O-O 8. Ne5
Nxe5 9. Bxe5 b6 10. Bd3 Bb7 11. O-O e6 12. Qf3 Rc8 13. Qe2 Re8 14. f4 c5 15. g4
cxd4 16. exd4 Nd7 17. Bxg7 Kxg7 18. Nf3 f5 19. Qg2 Qf6 20. g5 Qd8 21. Rae1 a6
22. Re3 b5 23. a3 Nb6 24. Rfe1 Rc6 25. Ne5 Rd6 26. Qf2 Re7 27. Qh4 Kg8 28. Qf2
1/2-1/2

[Event "Senioren 2018"]
[Site "Bad Woerishofen"]
[Date "2018.02.27"]
[Round "5"]
[White "Koch, Dieter"]
[Black "Blutharsch, Walter"]
[Result "0-1"]
[WhiteElo "1725"]
[BlackElo "1860"]
[PlyCount "46"]
[EventDate "2018.??.??"]
[WhiteTeam "SC Ammersee"]
[BlackTeam "VfL Sindelfingen"]

1. d4 d5 2. e3 c5 3. c3 e6 4. f4 Nf6 5. Nd2 Nc6 6. Bd3 Be7 7. Qf3 Bd7 8. Nh3
Qb6 9. Ng5 h6 10. Nh3 O-O-O 11. O-O Rdg8 12. a4 g5 13. Nf2 gxf4 14. e4 cxd4 15.
a5 Nxa5 16. Rxa5 Qxa5 17. Nb3 Qb6 18. Nxd4 Bc5 19. Qxf4 Bxd4 20. cxd4 Nxe4 21.
Nxe4 dxe4 22. Bxe4 Bc6 23. g3 Qxd4+ 0-1

[Event "Senioren 2018"]
[Site "Bad Woerishofen"]
[Date "2018.02.27"]
[Round "5"]
[White "Kozlov, Alexander"]
[Black "Rueberg, Jobst"]
[Result "1/2-1/2"]
[WhiteElo "2175"]
[BlackElo "2086"]
[PlyCount "58"]
[EventDate "2018.??.??"]
[WhiteTeam "Stuttgarter SF"]
[BlackTeam "SV Ahlen"]

1. d4 d6 2. Nf3 Nf6 3. c4 Nbd7 4. Nc3 e5 5. e4 c6 6. Be2 Be7 7. O-O O-O 8. h3
a6 9. a3 Re8 10. Qc2 Bf8 11. Bg5 Qc7 12. Rac1 h6 13. Be3 b6 14. b4 exd4 15.
Bxd4 Bb7 16. Be3 Rac8 17. Bd3 Qb8 18. Qb1 Qa8 19. Rfd1 d5 20. exd5 cxd5 21.
cxd5 Rxc3 22. Rxc3 Nxd5 23. Bh7+ Kh8 24. Rcd3 N7f6 25. Rxd5 Bxd5 26. Bd3 Bxf3
27. gxf3 Qxf3 28. Bf1 Qb7 29. Bg2 Qb8 1/2-1/2

[Event "Senioren 2018"]
[Site "Bad Woerishofen"]
[Date "2018.02.27"]
[Round "5"]
[White "Kuenne, Lutz"]
[Black "Goris Schouwstra, Adry"]
[Result "1/2-1/2"]
[WhiteElo "1597"]
[BlackElo "1733"]
[PlyCount "159"]
[EventDate "2018.??.??"]
[WhiteTeam "KC Jena"]

1. d4 d5 2. Bf4 Nf6 3. Nf3 e6 4. e3 Nbd7 5. Bd3 Be7 6. Nbd2 h6 7. h4 c5 8. c3
b6 9. Ne5 Bb7 10. g4 Nxe5 11. Bxe5 c4 12. Bc2 b5 13. a3 Bd6 14. f4 Kf8 15. Qf3
Qe7 16. g5 hxg5 17. hxg5 Rxh1+ 18. Qxh1 Ng8 19. Nf3 Bxe5 20. Nxe5 Ke8 21. Qh8
Qf8 22. Bh7 Ne7 23. Qxf8+ Kxf8 24. g6 Nxg6 25. Ke2 Ne7 26. Bc2 g6 27. Rh1 Kg7
28. Kf3 Rd8 29. Kf2 f6 30. Ng4 Rf8 31. Kg3 Nf5+ 32. Kf3 Nd6 33. Kg3 Bc6 34. Rh6
Be8 35. Rh2 Nf7 36. Rh4 Nd6 37. Rh2 Bd7 38. Rh1 f5 39. Ne5 Be8 40. Nf3 Rh8 41.
Rh4 Nf7 42. Ng5 Nd8 43. Nf3 Nc6 44. Ng5 Bd7 45. Rxh8 Kxh8 46. Kh4 Kg7 47. Nf3
Ne7 48. Kg5 Ng8 49. Ne5 Be8 50. Bd1 Nf6 51. Bc2 Nh7+ 52. Kh4 Kh6 53. Nf3 Kg7
54. Ng5 Nf8 55. Nf3 Kf6 56. Ne5 a6 57. Nf3 Nd7 58. Ng5 Nb8 59. Nh7+ Kg7 60. Ng5
a5 61. Nxe6+ Kf6 62. Ng5 Na6 63. Nf3 a4 64. Kg3 Nc7 65. Ne1 Ne6 66. Bd1 g5 67.
Bf3 Bc6 68. Nc2 Bb7 69. Nb4 Nc7 70. fxg5+ Kxg5 71. Bg2 Ba8 72. Kf2 f4 73. Bh3
fxe3+ 74. Kxe3 Bb7 75. Bd7 Kf6 76. Bc6 Bxc6 77. Nxc6 Kf5 78. Ne5 Ne6 79. Kd2
Ke4 80. Nd7 1/2-1/2

[Event "Senioren 2018"]
[Site "Bad Woerishofen"]
[Date "2018.02.27"]
[Round "5"]
[White "Kumeth, Hartmut"]
[Black "Speicher, Franz"]
[Result "0-1"]
[WhiteElo "1730"]
[BlackElo "1868"]
[PlyCount "70"]
[EventDate "2018.??.??"]
[WhiteTeam "SK Oldenburg"]
[BlackTeam "SV Dicker Turm Esslingen"]

1. d4 f5 2. e4 fxe4 3. Nc3 Nf6 4. Bg5 Nc6 5. Bxf6 exf6 6. d5 Ne5 7. Nxe4 f5 8.
Nc3 Nf7 9. Nf3 Bc5 10. Qe2+ Be7 11. O-O-O O-O 12. Qc4 Nd6 13. Qb3 Kh8 14. Bd3
Bf6 15. Rhe1 b5 16. Qb4 a5 17. Qc5 Ba6 18. Qe3 a4 19. Ne2 b4 20. Nfd4 Re8 21.
Qh3 Bxd3 22. cxd3 a3 23. b3 c6 24. Nxf5 Nxf5 25. Qxf5 cxd5 26. Kd2 Rc8 27. Rc1
d4 28. f4 Re6 29. Rc4 Rxc4 30. dxc4 d3 31. Qxd3 Qe7 32. Kc2 Bc3 33. Nxc3 Rxe1
34. Qf3 bxc3 35. Qa8+ Qe8 0-1

[Event "Senioren 2018"]
[Site "Bad Woerishofen"]
[Date "2018.02.27"]
[Round "5"]
[White "Lainburg, Viktor"]
[Black "Kelchner, Hans"]
[Result "1/2-1/2"]
[WhiteElo "1960"]
[BlackElo "2165"]
[PlyCount "109"]
[EventDate "2018.??.??"]
[WhiteTeam "SC Weiße Dame Ulm"]
[BlackTeam "SK Ludwigshafen"]

1. d4 Nf6 2. Bg5 d5 3. Nd2 c5 4. dxc5 Na6 5. e3 Nxc5 6. Bb5+ Bd7 7. Qe2 Qb6 8.
Bxd7+ Nfxd7 9. O-O-O Rc8 10. Kb1 e6 11. Ngf3 Na4 12. Nb3 Ba3 13. Rd4 Nxb2 14.
e4 dxe4 15. Qxe4 Nc5 16. Qh4 a5 17. Bc1 a4 18. Bxb2 Bxb2 19. Kxb2 axb3 20. axb3
O-O 21. Rhd1 Ra8 22. Ng5 h6 23. Ne4 Qa5 24. Nxc5 Qa3+ 25. Kc3 Rac8 26. R1d2 b5
27. Kd3 Qxc5 28. Ke2 Qf5 29. Qg4 Qe5+ 30. Qe4 Qxh2 31. g4 Rc5 32. Qd3 Rfc8 33.
Re4 Re5 34. Rxe5 Qxe5+ 35. Qe3 Qc7 36. Qd3 Qc5 37. Qd6 Rc6 38. Qxc5 Rxc5 39.
Rd8+ Kh7 40. Kd3 Kg6 41. c4 bxc4+ 42. bxc4 e5 43. Kc3 Kg5 44. f3 Kf4 45. Rd7 f6
46. Kb4 Rc8 47. Rxg7 Rf8 48. c5 Kxf3 49. c6 e4 50. c7 Re8 51. Rf7 e3 52. Rxf6+
Kxg4 53. Rxh6 Kf3 54. Rh3+ Kf2 55. Rh2+ 1/2-1/2

[Event "Senioren 2018"]
[Site "Bad Woerishofen"]
[Date "2018.02.27"]
[Round "5"]
[White "Leutz, Hans"]
[Black "Waltenberger, Udo"]
[Result "1/2-1/2"]
[WhiteElo "1957"]
[BlackElo "2038"]
[PlyCount "104"]
[EventDate "2018.??.??"]
[WhiteTeam "SV Ebersbach"]
[BlackTeam "SV Eiche Reichenbrand"]

1. d4 Nf6 2. Nf3 g6 3. Bg5 Bg7 4. Nbd2 d5 5. e3 O-O 6. Bd3 Nbd7 7. O-O c5 8. c3
b6 9. Rb1 Bb7 10. Qe2 Ne4 11. Bf4 Nxd2 12. Nxd2 f6 13. Bg3 e5 14. dxe5 fxe5 15.
e4 d4 16. cxd4 cxd4 17. b4 Qe7 18. Rfc1 Rac8 19. a3 Nf6 20. Bh4 Qd7 21. Rc4 Nh5
22. Bg3 Kh8 23. Rbc1 Ba6 24. R4c2 Rxc2 25. Rxc2 Rc8 26. Nb1 Rxc2 27. Qxc2 Qc8
28. Qxc8+ Bxc8 29. Bc4 Nxg3 30. hxg3 Bh6 31. Kf1 Kg7 32. b5 Kf6 33. Ke2 Bb7 34.
Kd3 Bg5 35. a4 Ke7 36. Na3 Bc1 37. Nc2 g5 38. Nb4 Kd6 39. Nc2 Bc8 40. f3 h5 41.
Nb4 Bb7 42. Bf7 h4 43. gxh4 gxh4 44. Kc4 Ba3 45. Nd3 Bc5 46. Be8 Bc8 47. Bf7 h3
48. gxh3 Bxh3 49. f4 exf4 50. Nxf4 Bf1+ 51. Nd3 Be2 52. Bd5 Bxd3+ 1/2-1/2

[Event "Senioren 2018"]
[Site "Bad Woerishofen"]
[Date "2018.02.27"]
[Round "5"]
[White "Okrajek, Alexander"]
[Black "Rubke, Manfred"]
[Result "1/2-1/2"]
[WhiteElo "2207"]
[BlackElo "2114"]
[PlyCount "36"]
[EventDate "2018.??.??"]
[WhiteTeam "SC Siegburg"]
[BlackTeam "TSV Haunstetten"]

1. c4 e5 2. Nc3 Nf6 3. g3 d5 4. cxd5 Nxd5 5. Bg2 Nxc3 6. bxc3 Bc5 7. e3 O-O 8.
d4 exd4 9. cxd4 Bb4+ 10. Bd2 Na6 11. Ne2 c6 12. O-O Bxd2 13. Qxd2 Qd6 14. Rab1
Rb8 15. Rb2 Nc7 16. Qa5 b6 17. Qg5 Ba6 18. Qf4 Qa3 1/2-1/2

[Event "Senioren 2018"]
[Site "Bad Woerishofen"]
[Date "2018.02.27"]
[Round "5"]
[White "Reimann, Guenther"]
[Black "Wawrinsky, Ludwig"]
[Result "1/2-1/2"]
[WhiteElo "1893"]
[BlackElo "1760"]
[PlyCount "65"]
[EventDate "2018.??.??"]
[WhiteTeam "SC Magstadt"]
[BlackTeam "SK Neuperlach"]

1. c4 Nf6 2. Nf3 e6 3. d3 b6 4. g3 Bb7 5. Bg2 Be7 6. O-O O-O 7. Nc3 h6 8. a3 d6
9. Re1 Nbd7 10. b3 Re8 11. Bb2 Nh7 12. Qc2 Bf6 13. Rad1 g6 14. d4 Bg7 15. e4
Ng5 16. Nh4 Nh7 17. Bc1 e5 18. d5 Qf6 19. Be3 a6 20. Qd2 g5 21. Nf5 Ndf8 22.
Nxg7 Kxg7 23. Bh3 Bc8 24. Bxc8 Raxc8 25. Qe2 Ng6 26. Kg2 Nhf8 27. Rh1 Nd7 28.
Qg4 Qe7 29. h4 Nf6 30. Qe2 gxh4 31. gxh4 Rg8 32. Rdg1 Kh7 33. Kf1 1/2-1/2

[Event "Senioren 2018"]
[Site "Bad Woerishofen"]
[Date "2018.02.27"]
[Round "5"]
[White "Richter, Stefan"]
[Black "Di Lazzaro, Gabriele"]
[Result "1/2-1/2"]
[WhiteElo "1698"]
[BlackElo "1899"]
[PlyCount "101"]
[EventDate "2018.??.??"]
[WhiteTeam "SZ Langenberg"]

1. e4 d5 2. exd5 Nf6 3. c4 c6 4. Nc3 cxd5 5. cxd5 Nxd5 6. Nxd5 Qxd5 7. Qf3 Qc5
8. Qc3 Nd7 9. d4 Qb6 10. Be3 Qd6 11. Nf3 e6 12. a3 Be7 13. Bd3 O-O 14. Rd1 Nb6
15. Qc2 f5 16. Ne5 Bd7 17. Nxd7 Qxd7 18. O-O Nd5 19. Qb1 Bf6 20. g3 g5 21. Qc1
Rac8 22. Qd2 Qg7 23. Kh1 Kh8 24. h4 Qh6 25. Bxg5 Bxg5 26. Qxg5 Qxg5 27. hxg5
Rg8 28. Rde1 Nc7 29. Bc4 Rce8 30. f4 h6 31. Kg2 hxg5 32. Rh1+ Kg7 33. fxg5 Kg6
34. Rh4 Rg7 35. Reh1 Kxg5 36. Rh5+ Kf6 37. Rh6+ Rg6 38. Rh7 Re7 39. Rxe7 Kxe7
40. Rh7+ Kd6 41. a4 f4 42. Rh3 Ne8 43. Kf3 fxg3 44. Rxg3 Rxg3+ 45. Kxg3 Nf6 46.
Kf4 a5 47. Bb3 Nd7 48. Ke4 Ke7 49. Bc4 Kd6 50. b3 Nf6+ 51. Kd3 1/2-1/2

[Event "Senioren 2018"]
[Site "Bad Woerishofen"]
[Date "2018.02.27"]
[Round "5"]
[White "Riedel, Lutz"]
[Black "Zerweck, Christoph"]
[Result "1/2-1/2"]
[WhiteElo "2040"]
[BlackElo "1897"]
[PlyCount "103"]
[EventDate "2018.??.??"]
[WhiteTeam "SK Krumbach"]
[BlackTeam "SV Herrenberg"]

1. c4 c6 2. Nf3 d5 3. b3 e6 4. Bb2 Nf6 5. g3 Nbd7 6. Bg2 Be7 7. O-O O-O 8. d4
Re8 9. Nbd2 Rb8 10. Qc2 b6 11. Rfe1 Bb7 12. Rad1 Qc7 13. Ne5 Rbc8 14. a3 a5 15.
e4 dxc4 16. bxc4 Nxe5 17. dxe5 Nd7 18. f4 Rcd8 19. Nf3 Nc5 20. f5 Rxd1 21. Rxd1
Rd8 22. f6 Bf8 23. fxg7 Rxd1+ 24. Qxd1 Bxg7 25. Qe2 Qd7 26. Bd4 Qe7 27. Qb2 Qc7
28. Bxc5 bxc5 29. Qd2 Bxe5 30. Qg5+ Bg7 31. Qxc5 Qd8 32. Bf1 h6 33. Qe3 Ba6 34.
Qa7 Qc8 35. Qb6 Bc3 36. Qe3 Bg7 37. Qc5 Qc7 38. e5 Bf8 39. Qe3 Qe7 40. Qe4 Qxa3
41. Bd3 Qc5+ 42. Kg2 Bg7 43. Qh4 Qb6 44. Qe7 Qb7 45. Qd8+ Bf8 46. Qxa5 Qc8 47.
Qc3 c5 48. Be4 Bg7 49. g4 Qd8 50. h4 Qd7 51. Qb3 Qc7 52. Qa4 1/2-1/2

[Event "Senioren 2018"]
[Site "Bad Woerishofen"]
[Date "2018.02.27"]
[Round "5"]
[White "Rothenhagen, Siegfried"]
[Black "Oser, Thor"]
[Result "1/2-1/2"]
[WhiteElo "1775"]
[BlackElo "1650"]
[PlyCount "56"]
[EventDate "2018.??.??"]
[WhiteTeam "Sportfr.Windach"]
[BlackTeam "SK Jöhlingen"]

1. d4 d5 2. Bf4 e6 3. e3 Bd6 4. Bg3 g6 5. Bd3 b6 6. Nf3 Bxg3 7. hxg3 Nd7 8. c3
a6 9. Nbd2 Bb7 10. Qc2 Qe7 11. O-O-O O-O-O 12. e4 dxe4 13. Nxe4 Ngf6 14. Nxf6
Nxf6 15. Qe2 a5 16. Ba6 Nd7 17. Bxb7+ Kxb7 18. Rhe1 Rhe8 19. Qc4 f6 20. Rd2 Qd6
21. Rde2 Nf8 22. Nd2 Qc6 23. Qxc6+ Kxc6 24. Ne4 Nd7 25. Re3 h6 26. Nd2 Nf8 27.
Nf3 Re7 28. Rd1 Red7 1/2-1/2

[Event "Senioren 2018"]
[Site "Bad Woerishofen"]
[Date "2018.02.27"]
[Round "5"]
[White "Schinnerl, Werner"]
[Black "Birkestrand, Odd"]
[Result "1-0"]
[WhiteElo "1866"]
[BlackElo "1686"]
[PlyCount "69"]
[EventDate "2018.??.??"]

1. e4 e5 2. Bc4 Nf6 3. d3 Be7 4. Nf3 Nc6 5. a4 O-O 6. O-O a6 7. Re1 d6 8. Nbd2
Bg4 9. h3 Bh5 10. c3 h6 11. Nf1 Nh7 12. Ng3 Bg6 13. Nh2 Bg5 14. Qg4 Nf6 15.
Bxg5 hxg5 16. Qxg5 Kh8 17. Nf3 Nh7 18. Qg4 Nf6 19. Qh4+ Nh7 20. Qxd8 Raxd8 21.
Nh4 Ne7 22. b4 f6 23. Nxg6+ Nxg6 24. Nf5 Nf4 25. g3 Nxh3+ 26. Kg2 N3g5 27. Ne7
Nf7 28. Ng6+ Kg8 29. Nxf8 Rxf8 30. b5 a5 31. Bd5 b6 32. Rh1 g6 33. Rh2 Kg7 34.
Rah1 Nhg5 35. f4 1-0

[Event "Senioren 2018"]
[Site "Bad Woerishofen"]
[Date "2018.02.27"]
[Round "5"]
[White "Schmidt, Eugen"]
[Black "Rahn, Oskar"]
[Result "0-1"]
[WhiteElo "1985"]
[BlackElo "2048"]
[PlyCount "98"]
[EventDate "2018.??.??"]
[WhiteTeam "SC Iffezheim"]
[BlackTeam "SK Frankenthal"]

1. e4 e5 2. Nf3 Nc6 3. Bb5 a6 4. Ba4 Nf6 5. d3 b5 6. Bb3 Be7 7. c3 O-O 8. Bd5
Bd6 9. Bb3 Bb7 10. O-O h6 11. Re1 Na5 12. Bc2 c5 13. d4 cxd4 14. cxd4 Re8 15.
d5 Bc5 16. h3 Nc4 17. b3 Nd6 18. Bb2 Qb6 19. Qd2 Rac8 20. Bxe5 Bxf2+ 21. Qxf2
Qxf2+ 22. Kxf2 Rxc2+ 23. Kf1 Nfxe4 24. Na3 Rcc8 25. Rad1 f6 26. Bxd6 Nxd6 27.
Rxe8+ Nxe8 28. Nh4 Nd6 29. Ng6 Kf7 30. Nf4 g5 31. Ne2 Rc5 32. Nb1 Rxd5 33. Rxd5
Bxd5 34. Nbc3 Bb7 35. Nd4 Ne4 36. Nxe4 Bxe4 37. b4 Bd5 38. a3 Kg6 39. g4 h5 40.
Kf2 hxg4 41. hxg4 Be6 42. Kg3 Kf7 43. Ne2 Ke7 44. Nc3 d6 45. a4 bxa4 46. Nxa4
Kd7 47. Nc3 d5 48. Na4 Kc6 49. Nc5 Bc8 0-1